000
00290pab a2200109 454500
008
180718b xxu||||| |||| 00| 0 eng d
100
_a
Arora, Sushil
245
_a
Audio - visual media and the human resource planning
650
_a
Audio - Visual Media
773
_a
Man In India
909
_a
24264
999
_c
24264
_d
24264